000 00320 a2200145 4500
001 151138
040 _cEscola São Tomás de Aquino
100 _aMACHADO, Ana Maria
240 1 0 _aFesta no céu
_lpor
245 1 0 _aFesta no céu
362 0 _a1999
440 1 _aFTD
697 _a*LITERATURA INFANTO
942 _cBK
999 _c151138
_d151138